Highway Shield to US State - Click Map - Statistics

General Stats
  • This quiz has been taken 31 times
  • The average score is 26 of 36
Answers on the Map
Answers color-coded by a green-red scale on the quiz's map according to % correct below.
 
Answer Stats
Answer % Correct
960px-Louisiana_1_%282008%29.svg.png
100%
960px-Rhode_Island_1A.svg.png
100%
Arkansas_7.svg
96%
960px-Florida_5.svg.png
96%
960px-OH-2.svg.png
96%
960px-Oklahoma_State_Highway_1.svg.png
96%
960px-Idaho_3.svg.png
96%
55c16c4f38-450.webp
96%
b5be82c6fb-450.webp
96%
e09b6b5000-450.webp
96%
960px-Colorado_83.svg.png
92%
960px-MO-1.svg.png
92%
960px-Alabama_3.svg.png
88%
960px-WA-9.svg.png
88%
960px-New_Mexico_1.svg.png
88%
a341099bff-450.webp
88%
960px-Utah_7.svg.png
83%
185fded1ae-450.webp
83%
69f255522a-450.webp
83%
960px-Georgia_1.svg.png
79%
60512117ee-450.webp
79%
960px-SD_10.svg.png
71%
960px-M-8.svg.png
63%
960px-K-4.svg.png
58%
6f3915ba99-450.webp
58%
b981506fe2-450.webp
58%
960px-NH_Route_16.svg.png
54%
960px-PA-5.svg.png
54%
960px-NC_8.svg.png
46%
960px-NY-2.svg.png
42%
960px-WIS_35.svg.png
42%
aa866a95b0-450.webp
38%
b4fd3942ae-450.webp
33%
960px-Virginia_7.svg.png
29%
960px-OR_3.svg.png
29%
960px-HI-11.svg.png
17%
No matching quizzes found
Score Distribution
Percent of People with Each Score
Percentile by Number Answered
Your Score History
You have not taken this quiz